Top Cashew Nut Consuming Countries - Statistics

General Stats
  • This quiz has been taken 26 times
  • The average score is 8 of 10
Answer Stats
Tonnes Answer % Correct
143,256 USA
96%
8,649 France
88%
14,267 Canada
85%
16,772 UK
85%
35,930 Germany
81%
301,718 India
81%
16,471 Australia
77%
8.040 Japan
73%
17,236 Netherlands
54%
7,854 Saudi Arabia
46%
No matching quizzes found
Score Distribution
Percent of People with Each Score
Percentile by Number Answered
Your Score History
You have not taken this quiz